| 000 | 00952cam a2200265 i 4500 | ||
|---|---|---|---|
| 001 | 1369792580 | ||
| 003 | OCoLC | ||
| 005 | 20250611133518.0 | ||
| 008 | 230213s2023 sz a o 000 0 eng d | ||
| 020 | _z9783031205095 | ||
| 024 | 7 | _a10.1007/978-3-031-20510-1 | |
| 040 |
_aGW5XE _beng _erda _cNUST _dNUST |
||
| 050 | 4 | _aREF TK8360.HAN | |
| 245 | 0 | 0 |
_aHandbook of II-VI semiconductor-based sensors and radiation detectors. _nVolume 2, _pPhotodetectors / _cGhenadii Korotcenkov, editor |
| 260 |
_aMoldova, _bSpringer, _c©2023. |
||
| 300 |
_axv, 524 pages : _billustrations _c25 cm |
||
| 336 |
_atext _btxt _2rdacontent |
||
| 337 |
_aunmediated _bn _2rdamedia |
||
| 338 |
_avolume _bnc _2rdacarrier |
||
| 504 | _aIncludes Bibliographical References and Index | ||
| 650 | 0 | _aOptical detectors. | |
| 650 | 0 | _aSemiconductors. | |
| 700 | 1 |
_aKorotchenkov, G. S. _q(Gennadiĭ Sergeevich), _eeditor |
|
| 942 |
_2lcc _n0 _cBOOKS _hTK8360.HAN _kTK _mHAN |
||
| 999 |
_c171953 _d171953 |
||